Moderné prístupy v súčasnom marketingovom manažmente

Marketingový manažment predstavuje manažérsky prístup založený na analýze marketingového prostredia, ktorý vytvára bázu pre marketingové plánovanie, implementáciu a kontrolu všetkých marketingových rozhodnutí.

Salvato in:
Dettagli Bibliografici
Autore principale: Hanuláková, Eva, 1964-
Natura: Capitolo di libro
Lingua:slovacco
Soggetti:
Tags: Aggiungi Tag
Nessun Tag, puoi essere il primo ad aggiungerne!!

MARC

LEADER 00000nla$a2200000$$$4500
001 0146192
005 20240502072634.2
041 0 |a slo 
044 |a SK 
245 1 0 |a Moderné prístupy v súčasnom marketingovom manažmente  |c Eva Hanuláková 
520 |a Marketingový manažment predstavuje manažérsky prístup založený na analýze marketingového prostredia, ktorý vytvára bázu pre marketingové plánovanie, implementáciu a kontrolu všetkých marketingových rozhodnutí. 
610 2 0 |a marketing manažment 
610 2 0 |a stratégia marketingová 
610 2 0 |a komunikácia manažérska 
610 2 0 |a plánovanie 
610 2 0 |a riadenie 
610 2 0 |a kontroling 
100 1 |a Hanuláková, Eva, 1964-